000 00648nam a2200181Ia 4500
008 100917s9999 xx 000 0 und d
082 _b47898
100 _aटोळ दत्ता श्री.
245 _aआम्ही जिंकलो आम्ही जिंकलो
260 _bभोवरा प्रकाशन
_c1972
300 _a91
365 _b3.5
520 _aबालविभाग
630 _aआम्ही जिंकलो आम्ही जिंकलो
650 _aबालविभाग
730 _aआम्ही जिंकलो आम्ही जिंकलो
942 _cBOOK
999 _c653292
_d653289